Deberes éticos y cívicos y rudimentos de derecho / (Record no. 125351)

MARC details
000 -LEADER
campo de control de longitud fija 00893nam a2200241 i 4500
001 - NÚMERO DE CONTROL
campo de control 125351
003 - IDENTIFICADOR DE NÚMERO DE CONTROL
campo de control ES-MaACL
005 - FECHA Y HORA DE LA ÚLTIMA TRANSACCIÓN
campo de control 20251230131849.0
007 - CAMPO FIJO DE DESCRIPCIÓN FÍSICA--INFORMACIÓN GENERAL
campo de control de longitud fija t|
008 - DATOS DE LONGITUD FIJA--INFORMACIÓN GENERAL
campo de control de longitud fija 070605s1928 sp ||||1| spa d
100 1# - ENTRADA PRINCIPAL--NOMBRE DE PERSONA
Nombre de persona Verdes Montenegro y Montoro, José,
Fechas asociadas al nombre 1865-1939
9 (RLIN) 114027
245 10 - MENCIÓN DEL TÍTULO
Título Deberes éticos y cívicos y rudimentos de derecho /
Mención de responsabilidad, etc. por José Verdes Montenegro y Montoro.
250 ## - MENCION DE EDICION
Mención de edición 2ª ed. muy corregida.
260 ## - PUBLICACIÓN, DISTRIBUCIÓN, ETC.
Lugar de publicación, distribución, etc. Madrid :
Nombre del editor, distribuidor, etc. Hernando,
Fecha de publicación, distribución, etc. 1928.
300 ## - DESCRIPCIÓN FÍSICA
Extensión 215 p. ;
Dimensiones 21 cm.
505 8# - NOTA DE CONTENIDO CON FORMATO
Nota de contenido con formato Contiene: Primera parte: La ética y sus fundamentos ; Segunda parte: Los deberes morales
530 ## - NOTA DISPONIBLE DE FORMULARIO FÍSICO ADICIONAL
Nota de formato físico adicional disponible Disponible en formato digital.
650 #7 - PUNTO DE ACCESO ADICIONAL DE MATERIA--TÉRMINO DE MATERIA
Término de materia o nombre geográfico como elemento de entrada Ética social
Fuente del encabezamiento o término embne
9 (RLIN) 12593
852 4# - LOCALIZACIÓN
Ubicación ES-MaACL
Número de control de estantería F-13930
Ubicación en estantería Sala Pecera Depósito 2
856 4# - LOCALIZACIÓN Y ACCESO ELECTRÓNICOS
Identificador Uniforme de Recursos <a href="http://bdh-rd.bne.es/viewer.vm?id=0000252730&page=1 ">http://bdh-rd.bne.es/viewer.vm?id=0000252730&page=1 </a>
Texto de enlace (Biblioteca Digital Hispánica)
942 ## - ELEMENTOS DE ENTRADA SECUNDARIOS (KOHA)
Fuente del sistema de clasificación o colocación Clasificación decimal universal
Holdings
Estatus retirado Estado de pérdida Estado de daño No para préstamo Colección Biblioteca de origen Biblioteca actual Ubicación en estantería Fecha de adquisición Fuente de adquisición Total de préstamos Signatura topográfica completa Código de barras Visto por última vez Precio de reemplazo Tipo de ítem Koha
        Colección digital Biblioteca del Ateneo de Madrid Biblioteca del Ateneo de Madrid Sala Pecera Planta 2 17/01/2008     F-13930 1130588 23/02/2023 23/02/2023 Libro impreso